00500nam a2200145 a 450000100100000000500170001000800410002704000250006810000220009324500400011526000370015530000400019295201050023299900170033700003016920200930060112.0110503s19uu dr ac 000 0 spa d aDO-SdBNPbspacBNPHU1 aVarona, G.95688110aDialogo entre esposos /cG. Varona. a[Santo Domingo]a[s.n.]a[19-?]. a[34 p.] ; :bils., retrs. ;c26 cm. 0010718PDaGRbGRcCTd2011-05-03iLF1l0o p30169-10r2020-06-25w2020-06-25yLFPDZNo se presta c29661d29661